000 02129nam0a2200409 i 4500
001 RU\NLR\bibl\1894828
005 20240921101757.0
010 _a9785899887642
_9500
021 _aRU
_b2012-23825
_91781
035 _a(nilc)RSL-KNO-005420771
035 _a(NLR Aleph) 001884499
090 _a2835759
_c2835759
100 _a20120409d2010 u y0rusy50 ca
101 0 _arus
102 _aRU
105 _aa |||||||||
200 1 _aОрганизация коммуникативного пространства на основе доверительных отношений в системе "педагоги-дети-родители"
_eмонография
_fС. В. Теряева
_gФедеральное агентство по образованию Российской Федерации, Нижневартовский гос. гуманитарный ун-т, Фак. педагогики и психологии, Каф. методик дошк. и нач. образования
210 _aНижневартовск
_cИзд-во Нижневартовского гос. гуманитарного ун-та
_d2010
215 _a192, [1] с.
_cил., табл.
_d20
320 _aБиблиогр.: с. 117-131 (229 назв.)
606 1 _aДошкольники
_xВоспитание культуры общения
_91024617
_3RU\NLR\auth\66392006
606 1 _aВоспитатели дошкольных учреждений и дети
_xВзаимопонимание
_92125211
_3RU\NLR\auth\661586609
606 1 _aДошкольные учреждения
_xРабота с родителями
_92312270
_3RU\NLR\auth\661383807
686 _aЧ411,6(2)38,0
_2rubbk
686 _aЧ411,6(2)51,0
_2rubbk
686 _aЮ953,0
_2rubbk
686 _aЧ411.352.25
686 _aЧ411.32
686 _aЧ411.51
700 1 _aТеряева
_bС. В.
_gСветлана Владимировна
_4070
801 0 _aRU
_bRuMoRKP
_c20120409
_grcr
801 1 _aRU
_bРГБ
_c20120409
801 2 _aRU
_bNLR
_c20120419
_grcr
830 _aавт. по кн.
942 _cBOOK
980 _aNBR